| 000 -LEADER |
| fixed length control field |
00472nam a2200145 4500 |
| 008 - FIXED-LENGTH DATA ELEMENTS--GENERAL INFORMATION |
| fixed length control field |
191030b ||||| |||| 00| 0 eng d |
| 100 ## - MAIN ENTRY--PERSONAL NAME |
| Personal name |
Attri, Vibha |
| 245 ## - TITLE STATEMENT |
| Title |
Himachal Assembly elections 2017: History repeats itself |
| 260 ## - PUBLICATION, DISTRIBUTION, ETC. (IMPRINT) |
| Name of publisher, distributor, etc |
Research Journal Social Sciences |
| 300 ## - PHYSICAL DESCRIPTION |
| Extent |
26(1&2), 2018: p.95-120. |
| 700 ## - ADDED ENTRY--PERSONAL NAME |
| Personal name |
Singh, Ananya |
| 9 (RLIN) |
12866 |
| 773 ## - HOST ITEM ENTRY |
| Main entry heading |
Research Journal Social Sciences |
| 906 ## - LOCAL DATA ELEMENT F, LDF (RLIN) |
| Subject DIP |
Elections - India - Himachal Pradesh |
| 942 ## - ADDED ENTRY ELEMENTS (KOHA) |
| Source of classification or shelving scheme |
|
| Item type |
Articles |